000
00298nam a2200121Ia 4500
008
190902s9999||||xx |||||||||||||| ||und||
020
_a
0-340-80238-3
100
_a
Regina L. Smalley
245
0
_a
Refining Composition Skills
260
_a
London
_b
Prentice Hall
_c
1995
300
_a
494
942
_c
BK
999
_c
2891
_d
2891